[Event "Balatonlelle op"]
[Site "Balatonlelle"]
[Date "2005.06.23"]
[Round "6"]
[White "Soos, Bela"]
[Black "Ganaus, Hannes"]
[Result "0-1"]
[WhiteElo "2268"]
[BlackElo "2308"]
[PlyCount "74"]
[EventDate "2005.06.18"]
[EventType "swiss"]
[EventRounds "9"]
[EventCountry "HUN"]
[SourceTitle "EXT 2008"]
[Source "ChessBase"]
[SourceDate "2007.11.25"]
[SourceVersion "1"]
[SourceVersionDate "2007.11.25"]
[SourceQuality "1"]

1. d4 Nf6 2. Nf3 c5 3. d5 b5 4. c4 g6 5. cxb5 a6 6. b6 d6 7. Nc3 Nbd7 8. e4 Nxb6 9. Be2 Bg7 10. 0-0 0-0 11. Bf4 Bb7 12. a4 a5 13. Re1 h6 14. h3 Ne8 15. Bf1 Kh7 16. g4 e5 17. Bg3 f5 18. gxf5 gxf5 19. exf5 Nf6 20. Bg2 Nbxd5 21. Nxd5 Bxd5 22. Ra3 Rb8 23. Rd3 e4 24. Rxd5 Nxd5 25. Rxe4 Ne7 26. Nh4 d5 27. Rg4 Rb4 28. Qc2 Bf6 29. Qxc5 Qb6 30. Bd6 Qxc5 31. Bxc5 Rxg4 32. hxg4 Bxh4 33. Bxd5 Rc8 34. Bxe7 Bxe7 35. b3 h5 36. f3 hxg4 37. fxg4 Kh6 0-1

[Event "Balatonlelle op"]
[Site "Balatonlelle"]
[Date "2005.06.18"]
[Round "1"]
[White "Soos, Bela"]
[Black "Metaxasz, Vaszilisz"]
[Result "1-0"]
[WhiteElo "2268"]
[BlackElo "2096"]
[PlyCount "29"]
[EventDate "2005.06.18"]
[EventType "swiss"]
[EventRounds "9"]
[EventCountry "HUN"]
[SourceTitle "EXT 2008"]
[Source "ChessBase"]
[SourceDate "2007.11.25"]
[SourceVersion "1"]
[SourceVersionDate "2007.11.25"]
[SourceQuality "1"]

1. d4 d5 2. c4 c6 3. Nf3 Nf6 4. Nc3 dxc4 5. a4 Bg4 6. e3 e5 7. Bxc4 Bxf3 8. Qxf3 exd4 9. exd4 Qxd4 10. Qe2+ Be7 11. 0-0 0-0 12. Rd1 Qg4 13. Qxe7 Qxc4 14. Bg5 Nh5 15. Qxf8+ 1-0

[Event "Zalakaros op 24th"]
[Site "Zalakaros"]
[Date "2005.05.24"]
[Round "5"]
[White "Csiszar, Csaba"]
[Black "Soos, Bela"]
[Result "1-0"]
[WhiteElo "2429"]
[BlackElo "2268"]
[PlyCount "71"]
[EventDate "2005.05.20"]
[EventType "swiss"]
[EventRounds "9"]
[EventCountry "HUN"]
[SourceTitle "EXT 2007"]
[Source "ChessBase"]
[SourceDate "2006.11.23"]
[SourceVersion "1"]
[SourceVersionDate "2006.11.23"]
[SourceQuality "1"]

1. d4 Nf6 2. c4 c5 3. d5 e5 4. Nc3 d6 5. e4 Be7 6. Be2 0-0 7. Be3 a6 8. a4 Nbd7 9. g4 Ne8 10. Qd2 g6 11. Bh6 Ng7 12. h4 f5 13. gxf5 gxf5 14. exf5 Nf6 15. Nf3 Bxf5 16. Rg1 Nfe8 17. Ng5 Bxg5 18. Bxg5 Nf6 19. h5 Kh8 20. Bh4 Qd7 21. Qg5 Ng8 22. h6 Ne8 23. Bh5 Bg6 24. Bxg6 hxg6 25. Qxg6 Qh7 26. Qe6 Rf4 27. Bg5 Rxc4 28. Rg3 Rd4 29. Be3 Rh4 30. Kd2 Rb4 31. Rag1 Rxb2+ 32. Ke1 Nef6 33. Rg6 Rf8 34. Qxd6 Qf7 35. Rg7 Qh5 36. Qxf8 1-0

[Event "Zalakaros op 24th"]
[Site "Zalakaros"]
[Date "2005.05.23"]
[Round "4"]
[White "Soos, Bela"]
[Black "Sax, Gyula"]
[Result "0-1"]
[WhiteElo "2268"]
[BlackElo "2559"]
[PlyCount "60"]
[EventDate "2005.05.20"]
[EventType "swiss"]
[EventRounds "9"]
[EventCountry "HUN"]
[SourceTitle "EXT 2007"]
[Source "ChessBase"]
[SourceDate "2006.11.23"]
[SourceVersion "1"]
[SourceVersionDate "2006.11.23"]
[SourceQuality "1"]

1. Nf3 Nf6 2. b3 d5 3. Bb2 c6 4. g3 Bg4 5. Bg2 e6 6. 0-0 Nbd7 7. d3 Be7 8. Nbd2 0-0 9. e4 Bh5 10. Qe1 Ne8 11. d4 Nc7 12. Qe3 a5 13. a4 Bg6 14. c4 Bb4 15. Rac1 f5 16. exf5 exf5 17. Ne5 Nxe5 18. dxe5 f4 19. gxf4 Ne6 20. cxd5 Nxf4 21. Nf3 cxd5 22. Nd4 Bd2 23. Qg3 Bxc1 24. Rxc1 Qe7 25. Re1 Nd3 26. Bxd5+ Kh8 27. Re2 Nxb2 28. Ne6 Nd3 29. Re3 Nxf2 30. Re2 Ne4 0-1

[Event "Budapest FS08 IM"]
[Site "Budapest"]
[Date "2003.08.13"]
[Round "12"]
[White "Soos, Bela"]
[Black "Werner, Dimo"]
[Result "1/2-1/2"]
[WhiteElo "2315"]
[BlackElo "2376"]
[PlyCount "24"]
[EventDate "2003.08.02"]
[EventType "tourn"]
[EventRounds "13"]
[EventCountry "HUN"]
[EventCategory "2"]
[SourceTitle "CBM 095 Extra"]
[Source "ChessBase"]
[SourceDate "2003.09.04"]
[SourceVersion "1"]
[SourceVersionDate "2003.09.04"]
[SourceQuality "1"]

1. d4 d5 2. Bf4 Bf5 3. e3 e6 4. Bd3 Bxd3 5. Qxd3 Nc6 6. Nf3 Bd6 7. Bxd6 Qxd6 8. Nc3 Nf6 9. 0-0 0-0 10. e4 dxe4 11. Nxe4 Nxe4 12. Qxe4 Qd5 1/2-1/2

[Event "Budapest FS08 IM"]
[Site "Budapest"]
[Date "2003.08.11"]
[Round "10"]
[White "Soos, Bela"]
[Black "Eisenbeiser, Amadeus"]
[Result "0-1"]
[WhiteElo "2315"]
[BlackElo "2233"]
[PlyCount "68"]
[EventDate "2003.08.02"]
[EventType "tourn"]
[EventRounds "13"]
[EventCountry "HUN"]
[EventCategory "2"]
[SourceTitle "CBM 095 Extra"]
[Source "ChessBase"]
[SourceDate "2003.09.04"]
[SourceVersion "1"]
[SourceVersionDate "2003.09.04"]
[SourceQuality "1"]

1. Nf3 Nf6 2. g3 g6 3. b3 Bg7 4. Bb2 0-0 5. Bg2 d6 6. d4 Nbd7 7. 0-0 Re8 8. Nc3 e5 9. dxe5 dxe5 10. Nd2 Rb8 11. Nc4 e4 12. a4 b6 13. Qc1 Bb7 14. Rd1 Qe7 15. Nb5 a6 16. Ba3 Nc5 17. Nd4 Nd5 18. e3 f5 19. Qd2 Rbd8 20. Qe1 Rd7 21. Rac1 Red8 22. Bh3 h5 23. Ne2 Ba8 24. Nc3 Rb8 25. Bf1 Kh7 26. h4 Bf6 27. Bh3 Kh8 28. Rd2 Qf7 29. Rdd1 Rbd8 30. Bb2 Ne7 31. Qe2 Bd5 32. Na3 Rd6 33. Bf1 Kh7 34. Bh3 Nd7 0-1

[Event "Budapest FS08 IM"]
[Site "Budapest"]
[Date "2003.08.07"]
[Round "6"]
[White "Soos, Bela"]
[Black "Farago, Sandor"]
[Result "0-1"]
[WhiteElo "2315"]
[BlackElo "2319"]
[PlyCount "107"]
[EventDate "2003.08.02"]
[EventType "tourn"]
[EventRounds "13"]
[EventCountry "HUN"]
[EventCategory "2"]
[SourceTitle "CBM 095 Extra"]
[Source "ChessBase"]
[SourceDate "2003.09.04"]
[SourceVersion "1"]
[SourceVersionDate "2003.09.04"]
[SourceQuality "1"]

1. d4 Nf6 2. c4 g6 3. Nc3 Bg7 4. e4 d6 5. Nf3 0-0 6. Be2 e5 7. 0-0 Nc6 8. d5 Ne7 9. Ne1 Ne8 10. g4 f5 11. f3 Kh8 12. Ng2 Ng8 13. Bd2 Bh6 14. Be1 Qe7 15. Bf2 Bd7 16. b4 fxg4 17. fxg4 a5 18. b5 b6 19. Qd3 Nef6 20. h3 Qg7 21. Be3 Ne7 22. Nh4 Bf4 23. Ng2 g5 24. Nxf4 exf4 25. Bf2 Ng6 26. Bd4 Rae8 27. Bf3 Ne5 28. Bxe5 Rxe5 29. Rf2 h5 30. Rg2 Qh6 31. Nd1 Rf7 32. Nf2 hxg4 33. hxg4 Rh7 34. Re1 Kg8 35. Re2 Be8 36. Qd4 Bg6 37. Kf1 Nd7 38. Kg1 Re8 39. Qc3 Nc5 40. Kf1 Qg7 41. Rg1 Rh2 42. Rg2 Rh4 43. Rg1 Qh8 44. Rg2 Re7 45. Re1 Reh7 46. Ke2 Rh3 47. Nxh3 Rxh3 48. Rf1 Bxe4 49. Rgf2 Bd3+ 50. Qxd3 Nxd3 51. Kxd3 Rh2 52. Rxh2 Qxh2 53. Be2 Qg2 54. Kd2 0-1

[Event "Budapest FS08 IM"]
[Site "Budapest"]
[Date "2003.08.06"]
[Round "5"]
[White "Eperjesi, Laszlo"]
[Black "Soos, Bela"]
[Result "1/2-1/2"]
[WhiteElo "2255"]
[BlackElo "2315"]
[PlyCount "20"]
[EventDate "2003.08.02"]
[EventType "tourn"]
[EventRounds "13"]
[EventCountry "HUN"]
[EventCategory "2"]
[SourceTitle "CBM 095 Extra"]
[Source "ChessBase"]
[SourceDate "2003.09.04"]
[SourceVersion "1"]
[SourceVersionDate "2003.09.04"]
[SourceQuality "1"]

1. c4 c5 2. Nf3 Nf6 3. g3 g6 4. Bg2 Bg7 5. 0-0 0-0 6. d4 cxd4 7. Nxd4 d6 8. Nc3 Nc6 9. Nxc6 bxc6 10. Bxc6 Rb8 1/2-1/2

[Event "Budapest FS08 IM"]
[Site "Budapest"]
[Date "2003.08.04"]
[Round "3"]
[White "Nilssen, John Arni"]
[Black "Soos, Bela"]
[Result "1-0"]
[WhiteElo "2382"]
[BlackElo "2315"]
[PlyCount "49"]
[EventDate "2003.08.02"]
[EventType "tourn"]
[EventRounds "13"]
[EventCountry "HUN"]
[EventCategory "2"]
[SourceTitle "CBM 095 Extra"]
[Source "ChessBase"]
[SourceDate "2003.09.04"]
[SourceVersion "1"]
[SourceVersionDate "2003.09.04"]
[SourceQuality "1"]

1. Nf3 Nf6 2. c4 c5 3. d4 cxd4 4. Nxd4 e6 5. Nc3 Bb4 6. g3 Nc6 7. Bg2 0-0 8. 0-0 a6 9. Nc2 Be7 10. e4 d6 11. Qe2 Qc7 12. Be3 Rb8 13. Rac1 Bd7 14. f4 Rfc8 15. b4 b6 16. Bf2 Na7 17. Ne3 b5 18. e5 dxe5 19. fxe5 Nc6 20. exf6 Nd4 21. Qd1 Bxf6 22. Ncd5 exd5 23. Nxd5 Qd6 24. Nxf6+ gxf6 25. c5 1-0

[Event "Budapest FS08 IM"]
[Site "Budapest"]
[Date "2003.08.02"]
[Round "1"]
[White "Soos, Bela"]
[Black "Berczes, David"]
[Result "1/2-1/2"]
[WhiteElo "2315"]
[BlackElo "2393"]
[PlyCount "78"]
[EventDate "2003.08.02"]
[EventType "tourn"]
[EventRounds "13"]
[EventCountry "HUN"]
[EventCategory "2"]
[SourceTitle "CBM 095 Extra"]
[Source "ChessBase"]
[SourceDate "2003.09.04"]
[SourceVersion "1"]
[SourceVersionDate "2003.09.04"]
[SourceQuality "1"]

1. Nf3 Nf6 2. d4 e6 3. c4 b6 4. e3 Bb7 5. Bd3 c5 6. 0-0 Be7 7. Nc3 cxd4 8. exd4 d5 9. cxd5 Nxd5 10. Ne5 0-0 11. Re1 Nd7 12. Nxd5 Bxd5 13. Bf4 Nxe5 14. Bxe5 Bf6 15. Qh5 g6 16. Qh6 Bxe5 17. dxe5 Qe7 18. a3 Rac8 19. Rac1 Qb7 20. f3 Rxc1 21. Rxc1 Rc8 22. Qe3 Rxc1+ 23. Qxc1 Qc6 24. Qxc6 Bxc6 25. h4 f6 26. f4 f5 27. Bc4 Kf7 28. Kf2 h5 29. g3 Ke7 30. Ke3 Kd7 31. Kd4 Ke7 32. b4 Kd7 33. Bb3 Ke7 34. a4 Kd7 35. a5 Ke7 36. Bc4 Kd7 37. Bd3 Ke7 38. Ba6 Kd7 39. axb6 axb6 1/2-1/2

[Event "Budapest FS09 IM-C"]
[Site "Budapest"]
[Date "2002.09.17"]
[Round "11"]
[White "Soos, Bela"]
[Black "Ngo, Ngoc Quang"]
[Result "1/2-1/2"]
[WhiteElo "2283"]
[BlackElo "2172"]
[PlyCount "20"]
[EventDate "2002.09.07"]
[EventType "tourn"]
[EventRounds "11"]
[EventCountry "HUN"]
[EventCategory "2"]
[SourceTitle "CBM 090 Extra"]
[Source "ChessBase"]
[SourceDate "2002.11.07"]
[SourceVersion "1"]
[SourceVersionDate "2002.11.07"]
[SourceQuality "1"]

1. d4 Nf6 2. Nf3 d5 3. e3 e6 4. Bd3 c5 5. b3 Nc6 6. 0-0 Bd6 7. Nbd2 0-0 8. Bb2 b6 9. c4 Bb7 10. Rc1 Rc8 1/2-1/2

[Event "Budapest FS09 IM-C"]
[Site "Budapest"]
[Date "2002.09.12"]
[Round "6"]
[White "Pert, Richard G"]
[Black "Soos, Bela"]
[Result "1/2-1/2"]
[WhiteElo "2357"]
[BlackElo "2283"]
[PlyCount "86"]
[EventDate "2002.09.07"]
[EventType "tourn"]
[EventRounds "11"]
[EventCountry "HUN"]
[EventCategory "2"]
[SourceTitle "CBM 090 Extra"]
[Source "ChessBase"]
[SourceDate "2002.11.07"]
[SourceVersion "1"]
[SourceVersionDate "2002.11.07"]
[SourceQuality "1"]

1. e4 g6 2. d4 c6 3. Nc3 d5 4. Be3 Bg7 5. Qd2 dxe4 6. Nxe4 Nd7 7. Nf3 Ngf6 8. Nxf6+ Nxf6 9. Bc4 0-0 10. 0-0 Bf5 11. Rfe1 Ne4 12. Qe2 Bg4 13. Bb3 e6 14. h3 Bxf3 15. Qxf3 Nd6 16. c3 a5 17. Bc2 a4 18. a3 Nc4 19. Bc1 Qd5 20. Be4 Qd7 21. Bd3 b5 22. Bxc4 bxc4 23. Bf4 Qd5 24. Qg3 Rad8 25. Rad1 Rfe8 26. Rd2 Rd7 27. Qe3 Red8 28. Rde2 Rc8 29. Be5 f6 30. Bg3 Re8 31. Qc1 Kf7 32. Qc2 Ra7 33. Re4 Bf8 34. Rh4 Kg8 35. Rf4 Bg7 36. Rfe4 Kf7 37. R4e2 Bf8 38. Re4 Bg7 39. R4e3 Bf8 40. Re4 Ra5 41. Rh4 Kg8 42. Rhe4 Ra7 43. Qe2 Kf7 1/2-1/2

[Event "Budapest FS09 IM-C"]
[Site "Budapest"]
[Date "2002.09.11"]
[Round "5"]
[White "Soos, Bela"]
[Black "Le, Kieu Thien Kim"]
[Result "1/2-1/2"]
[WhiteElo "2283"]
[BlackElo "2256"]
[PlyCount "63"]
[EventDate "2002.09.07"]
[EventType "tourn"]
[EventRounds "11"]
[EventCountry "HUN"]
[EventCategory "2"]
[SourceTitle "CBM 090 Extra"]
[Source "ChessBase"]
[SourceDate "2002.11.07"]
[SourceVersion "1"]
[SourceVersionDate "2002.11.07"]
[SourceQuality "1"]

1. d4 d5 2. c4 e6 3. Nc3 Nf6 4. cxd5 exd5 5. Bg5 Be7 6. e3 c6 7. Bd3 0-0 8. Qc2 Nbd7 9. Nge2 Re8 10. 0-0 Nf8 11. Rad1 Bg4 12. f3 Bh5 13. Ng3 Bg6 14. Nf5 Bxf5 15. Bxf5 Nh5 16. Bxe7 Rxe7 17. g4 Nf6 18. Qf2 g6 19. Bd3 Qd6 20. Rfe1 Rae8 21. Re2 Ne6 22. Qg3 Qxg3+ 23. hxg3 Kg7 24. Kf2 Rh8 25. Rh1 h5 26. gxh5 Nxh5 27. Ree1 f5 28. Reg1 Nf6 29. Rxh8 Kxh8 30. Rh1+ Kg7 31. b4 Ne8 32. a4 1/2-1/2

[Event "Budapest FS09 IM-C"]
[Site "Budapest"]
[Date "2002.09.10"]
[Round "4"]
[White "Lund, Silas Esben"]
[Black "Soos, Bela"]
[Result "1-0"]
[WhiteElo "2329"]
[BlackElo "2283"]
[PlyCount "91"]
[EventDate "2002.09.07"]
[EventType "tourn"]
[EventRounds "11"]
[EventCountry "HUN"]
[EventCategory "2"]
[SourceTitle "CBM 090 Extra"]
[Source "ChessBase"]
[SourceDate "2002.11.07"]
[SourceVersion "1"]
[SourceVersionDate "2002.11.07"]
[SourceQuality "1"]

1. d4 Nf6 2. c4 c5 3. d5 e5 4. Nc3 d6 5. e4 Be7 6. Be2 0-0 7. Be3 Ne8 8. Qd2 Nd7 9. g4 Nc7 10. Nf3 Re8 11. h4 Nf8 12. g5 a6 13. 0-0-0 b5 14. Nxe5 dxe5 15. d6 Bxd6 16. Qxd6 Qxd6 17. Rxd6 Nfe6 18. cxb5 axb5 19. Nxb5 Rxa2 20. Kb1 Ra5 21. Nxc7 Nxc7 22. Rc1 Ne6 23. Bd2 Ra8 24. Bb5 Bb7 25. f3 Red8 26. Rxd8+ Rxd8 27. Be3 Rb8 28. Bd7 Nd4 29. Bxd4 cxd4 30. Rc5 f6 31. Rb5 d3 32. Kc1 fxg5 33. hxg5 Kf7 34. Kd2 Kg6 35. Bc6 Bxc6 36. Rxb8 Kxg5 37. b4 h5 38. b5 Bd7 39. Rb7 Bxb5 40. Rxb5 Kf4 41. Kxd3 Kxf3 42. Rxe5 Kg4 43. Re7 g5 44. Rf7 h4 45. e5 h3 46. e6 1-0

[Event "Budapest FS09 IM-C"]
[Site "Budapest"]
[Date "2002.09.08"]
[Round "2"]
[White "Berczes, David"]
[Black "Soos, Bela"]
[Result "1/2-1/2"]
[WhiteElo "2205"]
[BlackElo "2283"]
[PlyCount "113"]
[EventDate "2002.09.07"]
[EventType "tourn"]
[EventRounds "11"]
[EventCountry "HUN"]
[EventCategory "2"]
[SourceTitle "CBM 090 Extra"]
[Source "ChessBase"]
[SourceDate "2002.11.07"]
[SourceVersion "1"]
[SourceVersionDate "2002.11.07"]
[SourceQuality "1"]

1. d4 g6 2. c4 Bg7 3. Nc3 d6 4. e4 Nc6 5. d5 Nd4 6. Be3 c5 7. Nge2 Bg4 8. f3 Nxe2 9. Bxe2 Bd7 10. 0-0 Nf6 11. Qd2 0-0 12. Rab1 Ne8 13. a3 f5 14. f4 b6 15. Bf3 Rc8 16. Qd3 e5 17. dxe6 Bxe6 18. Rbd1 Qe7 19. Rfe1 Qf7 20. b3 Nc7 21. exf5 Bxf5 22. Qd2 Kh8 23. g4 Be6 24. Ne4 Rcd8 25. Ng5 Qf6 26. Qg2 Bg8 27. Ne4 Qb2 28. Qxb2 Bxb2 29. Re2 Bg7 30. Rxd6 Ne6 31. Rxd8 Rxd8 32. f5 gxf5 33. gxf5 Nd4 34. Bxd4 Bxd4+ 35. Kg2 Rf8 36. Bg4 h5 37. Bh3 b5 38. Rc2 bxc4 39. bxc4 Bh7 40. Ng3 h4 41. Ne2 Be5 42. Rd2 Bg8 43. Rc2 Rd8 44. Ng1 Rd3 45. Nf3 Bf6 46. Kf2 Rxa3 47. Bf1 Bh7 48. Bh3 Bg8 49. Bf1 Bf7 50. Be2 a5 51. Rd2 Bh5 52. Rd6 Kg7 53. Rd7+ Kf8 54. Rd6 Kg7 55. Rd7+ Kh6 56. Rd6 Kg7 57. Rd7+ 1/2-1/2

[Event "Budapest FS09 IM-C"]
[Site "Budapest"]
[Date "2002.09.07"]
[Round "1"]
[White "Petran, Pal"]
[Black "Soos, Bela"]
[Result "1/2-1/2"]
[WhiteElo "2364"]
[BlackElo "2283"]
[PlyCount "86"]
[EventDate "2002.09.07"]
[EventType "tourn"]
[EventRounds "11"]
[EventCountry "HUN"]
[EventCategory "2"]
[SourceTitle "CBM 090 Extra"]
[Source "ChessBase"]
[SourceDate "2002.11.07"]
[SourceVersion "1"]
[SourceVersionDate "2002.11.07"]
[SourceQuality "1"]

1. d4 g6 2. c4 Bg7 3. Nc3 d6 4. Nf3 Bg4 5. e3 Nf6 6. Be2 0-0 7. 0-0 c5 8. d5 e5 9. e4 Na6 10. Ne1 Bd7 11. Bg5 h6 12. Bh4 Nc7 13. a4 Qe8 14. Nd3 a5 15. Bg3 g5 16. h3 Na6 17. Nc1 Nb4 18. Nb3 b6 19. Nd2 Qe7 20. Ra3 Rab8 21. Nb5 Rb7 22. h4 Bc8 23. Re3 Qd8 24. Bh2 Kh8 25. hxg5 hxg5 26. g4 Bh6 27. Rh3 Ng8 28. Kg2 f6 29. Rh1 Rh7 30. Nf1 Rff7 31. Ne3 Bf8 32. Bg3 Ne7 33. Nf5 Ng6 34. Rxh7+ Rxh7 35. Rxh7+ Kxh7 36. Qh1+ Kg8 37. Qh5 Nh8 38. f3 Nc2 39. Bf2 Nd4 40. Bxd4 exd4 41. Bd3 Bxf5 42. exf5 Qe7 43. Be4 Nf7 1/2-1/2

[Event "Budapest FS07 IM-C"]
[Site "Budapest"]
[Date "2002.07.10"]
[Round "5"]
[White "Soos, Bela"]
[Black "Mork, Kjell Arne"]
[Result "1/2-1/2"]
[WhiteElo "2283"]
[BlackElo "2275"]
[PlyCount "133"]
[EventDate "2002.07.06"]
[EventType "tourn"]
[EventRounds "9"]
[EventCountry "HUN"]
[EventCategory "3"]
[SourceTitle "CBM 089 Extra"]
[Source "ChessBase"]
[SourceDate "2002.09.10"]
[SourceVersion "2"]
[SourceVersionDate "2002.09.10"]
[SourceQuality "1"]

1. d4 Nf6 2. c4 c5 3. d5 b5 4. Nf3 g6 5. Qc2 Bg7 6. e4 d6 7. cxb5 a6 8. Nc3 0-0 9. a4 axb5 10. Bxb5 Na6 11. 0-0 Nb4 12. Qe2 Ba6 13. Bg5 h6 14. Bf4 Ra7 15. b3 Ne8 16. Rac1 Bxb5 17. Nxb5 Rb7 18. Bd2 Na6 19. Bc3 Nec7 20. Bxg7 Kxg7 21. Nxc7 Nxc7 22. Nd2 Qd7 23. Rc3 f5 24. f3 e6 25. Rd3 exd5 26. exd5 Re8 27. Qd1 Na6 28. Nc4 Nb4 29. Rd2 Qe7 30. Qa1+ Kf7 31. Qc3 Rd7 32. Rdd1 Qf6 33. Qxf6+ Kxf6 34. Rd2 Na6 35. Kf2 Rb8 36. Rb1 Nc7 37. Rd3 Ne8 38. Re1 Re7 39. Rxe7 Kxe7 40. Ke3 Kd7 41. Kd2 Nc7 42. Kc3 Na6 43. Rd2 Nb4 44. Ne3 Re8 45. Nc2 Nxc2 46. Rxc2 Re1 47. Rd2 Kc7 48. b4 Kb6 49. Rb2 Rc1+ 50. Kd2 Ra1 51. bxc5+ Kxc5 52. Rb5+ Kc4 53. Ra5 f4 54. Ke2 Ra2+ 55. Kf1 Kd4 56. h3 Ke3 57. Kg1 Ra1+ 58. Kh2 Kd4 59. h4 h5 60. Ra8 Kxd5 61. Rg8 Rxa4 62. Rxg6 Ra8 63. Rh6 Rg8 64. Rxh5+ Ke6 65. Rh6+ Ke5 66. Rh5+ Ke6 67. Rh6+ 1/2-1/2

[Event "Budapest FS07 IM-C"]
[Site "Budapest"]
[Date "2002.07.07"]
[Round "2"]
[White "Boe, Mads"]
[Black "Soos, Bela"]
[Result "0-1"]
[WhiteElo "2390"]
[BlackElo "2283"]
[PlyCount "38"]
[EventDate "2002.07.06"]
[EventType "tourn"]
[EventRounds "9"]
[EventCountry "HUN"]
[EventCategory "3"]
[SourceTitle "CBM 089 Extra"]
[Source "ChessBase"]
[SourceDate "2002.09.10"]
[SourceVersion "2"]
[SourceVersionDate "2002.09.10"]
[SourceQuality "1"]

1. e4 g6 2. d4 c6 3. Nc3 d5 4. e5 Bg7 5. f4 f6 6. Nf3 Nh6 7. Bd3 Bg4 8. 0-0 0-0 9. Be3 Nf5 10. Qd2 Nxe3 11. Qxe3 Bxf3 12. Rxf3 fxe5 13. fxe5 Rxf3 14. Qxf3 e6 15. Qg4 Qe7 16. Rf1 Nd7 17. Ne2 Bh6 18. h4 Rf8 19. h5 Be3+ 0-1

[Event "Budapest FS07 IM-C"]
[Site "Budapest"]
[Date "2002.07.06"]
[Round "1"]
[White "Soos, Bela"]
[Black "Pham, Minh Hoang"]
[Result "0-1"]
[WhiteElo "2283"]
[BlackElo "2357"]
[PlyCount "114"]
[EventDate "2002.07.06"]
[EventType "tourn"]
[EventRounds "9"]
[EventCountry "HUN"]
[EventCategory "3"]
[SourceTitle "CBM 089 Extra"]
[Source "ChessBase"]
[SourceDate "2002.09.10"]
[SourceVersion "2"]
[SourceVersionDate "2002.09.10"]
[SourceQuality "1"]

1. d4 Nf6 2. Nf3 d5 3. Bf4 e6 4. e3 c5 5. c3 Qb6 6. Qb3 Nbd7 7. h3 Be7 8. Nbd2 0-0 9. Be2 Qa5 10. 0-0 b6 11. a4 Ba6 12. Qd1 Bxe2 13. Qxe2 c4 14. Rfc1 Qa6 15. b3 Rac8 16. bxc4 dxc4 17. e4 Rfe8 18. Rcb1 Qb7 19. Ne5 Nxe5 20. Bxe5 Nd7 21. Bg3 Qc6 22. Ra2 a6 23. Qf3 b5 24. axb5 axb5 25. d5 Qb6 26. d6 Bf6 27. Rab2 Rc5 28. Bf4 Qa5 29. Rb4 Ne5 30. Bxe5 Bxe5 31. d7 Rd8 32. Qe3 Bd6 33. Nf3 Rxd7 34. e5 Bf8 35. Nd4 Rb7 36. Qe4 Rb6 37. Qe1 Qa6 38. R4b2 Rd5 39. Ra1 Rxe5 40. Qb1 Qb7 41. Ra5 g6 42. Raxb5 Rexb5 43. Rxb5 Rxb5 44. Nxb5 Bc5 45. Na3 Qd5 46. Nc2 Kg7 47. Qe1 h5 48. Qe2 e5 49. Ne1 e4 50. Kf1 Bb6 51. Qb2 Ba5 52. Ke2 Qe5 53. Nc2 Bxc3 54. Qb7 Ba5 55. Qc6 c3 56. Ne3 Qd4 57. Kf1 Bd8 0-1

[Event "Budapest FS04 IM-A"]
[Site "Budapest"]
[Date "2002.04.02"]
[Round "1"]
[White "Brustkern, Juergen"]
[Black "Soos, Bela"]
[Result "1/2-1/2"]
[WhiteElo "2293"]
[BlackElo "2292"]
[PlyCount "72"]
[EventDate "2002.04.02"]
[EventType "tourn"]
[EventRounds "9"]
[EventCountry "HUN"]
[EventCategory "2"]
[SourceTitle "CBM 087 Extra"]
[Source "ChessBase"]
[SourceDate "2002.05.03"]
[SourceVersion "2"]
[SourceVersionDate "2002.08.09"]
[SourceQuality "1"]

1. e4 g6 2. d4 c6 3. Nc3 d5 4. Be3 Bg7 5. Qd2 Nf6 6. e5 Ng4 7. Bf4 f6 8. exf6 Nxf6 9. 0-0-0 0-0 10. h3 Nbd7 11. Nf3 Nb6 12. Bh6 Qd6 13. Bxg7 Kxg7 14. Bd3 Nh5 15. Rhe1 Nf4 16. Bf1 Bd7 17. Qe3 Rae8 18. Ne5 Bc8 19. h4 Qf6 20. g3 Ne6 21. f4 c5 22. Nb5 cxd4 23. Nxd4 Nxd4 24. Qxd4 Bf5 25. Kb1 Rc8 26. Bd3 Kg8 27. Nf3 Bg4 28. Qxf6 exf6 29. Nd4 Rfe8 30. b3 a6 31. Kc1 Kf7 32. Kd2 Nd7 33. Rxe8 Rxe8 34. Re1 Rxe1 35. Kxe1 Nc5 36. Kd2 Ke7 1/2-1/2

[Event "Budapest FS09 IM-A"]
[Site "Budapest"]
[Date "2001.09.10"]
[Round "10"]
[White "Berczes, Csaba"]
[Black "Soos, Bela"]
[Result "0-1"]
[WhiteElo "2316"]
[BlackElo "2302"]
[PlyCount "68"]
[EventDate "2001.09.01"]
[EventType "tourn"]
[EventRounds "11"]
[EventCountry "HUN"]
[EventCategory "1"]
[SourceTitle "CBM 084 Extra"]
[Source "ChessBase"]
[SourceDate "2001.10.26"]
[SourceVersion "1"]
[SourceVersionDate "2001.10.26"]
[SourceQuality "1"]

1. e4 c5 2. Nf3 g6 3. d4 Bg7 4. d5 d6 5. h3 Nf6 6. Nc3 0-0 7. a4 Na6 8. Be2 Nc7 9. 0-0 a6 10. Nd2 Bd7 11. f4 b5 12. Bf3 Rb8 13. axb5 axb5 14. Ne2 e6 15. c4 bxc4 16. dxe6 Bxe6 17. g4 d5 18. exd5 Bxd5 19. Ng3 Nb5 20. f5 c3 21. bxc3 Nxc3 22. Qc2 Qd6 23. Kg2 Nd7 24. Ra3 Nb5 25. Rd3 Nd4 26. Qd1 Ne5 27. Nde4 Qc6 28. Rxd4 cxd4 29. f6 Bh8 30. Bf4 Nxf3 31. Qxf3 Rb3 32. Qe2 Re8 33. Re1 Rxg3+ 34. Kxg3 Rxe4 0-1

[Event "Budapest FS09 IM-A"]
[Site "Budapest"]
[Date "2001.09.03"]
[Round "3"]
[White "Soos, Bela"]
[Black "Hajnal, Zoltan"]
[Result "1/2-1/2"]
[WhiteElo "2302"]
[BlackElo "2355"]
[PlyCount "37"]
[EventDate "2001.09.01"]
[EventType "tourn"]
[EventRounds "11"]
[EventCountry "HUN"]
[EventCategory "1"]
[SourceTitle "CBM 084 Extra"]
[Source "ChessBase"]
[SourceDate "2001.10.26"]
[SourceVersion "1"]
[SourceVersionDate "2001.10.26"]
[SourceQuality "1"]

1. Nf3 d5 2. b3 Bf5 3. Bb2 e6 4. g3 h6 5. Bg2 Nf6 6. d3 Be7 7. 0-0 0-0 8. Nbd2 c6 9. Qe1 a5 10. e4 Bh7 11. a3 c5 12. a4 Nc6 13. Qe2 Qb8 14. Rfe1 Re8 15. Qd1 b5 16. exd5 exd5 17. Ne5 Nb4 18. axb5 Qxb5 19. Bc3 1/2-1/2